000 00613nam a22002057a 4500
005 20251108172437.0
008 250721s9999 xx 000 0 ara d
082 1 4 _a371.38خضر
100 1 _aخضري، سيد سعود
245 1 0 _aبرلمان مدرستنا /
264 1 _aالقاهرة :
_bالمكتب العربي للمعارف،
300 _a204ص
650 1 7 _aالتربية
650 1 7 _aالنشاط الصيفي
650 1 7 _aالنشاطات الثقافية
650 1 7 _aالتدريسالتخطيطي
650 1 7 _aالديموقراطية
942 _2ddc
_cBK
999 _c79475
_d79475